000 00853nam a2200265 i 4500
003 DO-SdBNP
005 20230427132224.0
007 ta
008 220202b2021 dr ||||| |||| 00| p spa d
020 _a9789945627473
040 _aDO-SdBNP
_bspa
_cBNPHU
_erda
082 4 _222
_bG216cu
100 1 _aGarcía Bidó, Rafael
_918198
245 1 0 _aCuaderno de todos los días /
_cRafael García Bidó
264 _aSanto Domingo :
_bSantuario,
_c2021.
300 _a96 páginas ;
_c23 cm.
336 _2rdacontent
_atexto
_btxt
337 _2rdamedia
_asin mediación
_bn
338 _2rdacarrier
_avolumen
_bnc
500 _aIncluye datos biográficos del autor en la solapa de la cubierta
500 _aLa biblioteca posee 1 ejemplar autográfiado por el autor.
590 _aInventariado, 2022 /LP
910 _aLopérez.
942 _2ddc
_cLBS1
999 _c51314
_d51314